000 00591nam a2200205Ia 4500
005 20250508162648.0
008 008 250505s9999 xx 000 0 eng d
020 _a1 85278 022 3
037 _aTextual
040 _aFEDL
_beng
_cFEDL
041 _aeng
_2eng
084 _a330.7, BLA
_qFEDL
100 _aBlaug Mark
245 0 _aEconomics of education and the education of an economist
260 _aGower House, England
_bEdward Elgar Publishing Limited
_c1987
300 _ax,361p.
650 _aEconomics
942 _cTEXL
_h330.7, BLA
999 _c1377909
_d1377909